| 000 | 01021nam a2200277Ia 4500 | ||
|---|---|---|---|
| 003 | OSt | ||
| 005 | 20221005110320.0 | ||
| 006 | a|||||r|||| 00| 0 | ||
| 007 | ta | ||
| 008 | 221004b |||||||| |||| 00| 0 hin d | ||
| 020 |
_a9788121620338 (pbk) _cIndian Rupees 150 |
||
| 024 | _a39394 | ||
| 037 |
_bGift, 18/09/2018, _cTextual |
||
| 040 |
_aCRL _cCRL _bhin |
||
| 041 |
_2hin _ahin |
||
| 082 | _aO152,3N40w, Q5 | ||
| 100 | _aजनमेजय, प्रेम, ले. | ||
| 245 | 0 | _aमेरे हिस्से के नरेंद्र कोहली | |
| 246 | _aMere hisse ke nareandra kohalī | ||
| 260 |
_aनई दिल्ली _bहिन्द पॉकेट बुक्स भारत _c2015 |
||
| 300 |
_a159पृ0 _ccm. |
||
| 650 | _a हिन्दी साहित्य | ||
| 650 | _aहिन्दी कहानी | ||
| 942 |
_hO152,3N40w, Q5 _cTEXL _2cc |
||
| 999 |
_c1018430 _d1018430 |
||